000 00613nam a2200205 a 4500
001 000023679
005 20200930022405.0
008 101218s1960 sp 000 0 spa d
040 _aDO-SdBNP
_bspa
_cBNPHU
082 _axxxx
_bB764v
100 1 _aBoulle, Pierre
_948777
240 1 3 _aLes voies du salut.
_lEspañol
245 1 3 _aEl reverso de la medalla /
_cPierre Boulle ; traducción Ana Cela.
260 _aBarcelona :
_bDestino,
_c1960.
300 _a220 p. ;
_c19 cm.
490 1 _aÁncora y Delfín.
_v187
700 1 _aCela, Ana,
_etr.
_948778
830 0 _aÁncora y Delfín
_v187
_95000
049 _aBNGR
999 _c23175
_d23175